000 00636nam a2200193 a 4500
001 000031213
005 20200930062757.0
008 110613s2004 dr c 000 | spa d
040 _aDO-SdBNP
_bspa
_cBNPHU
082 _axxx
_bA728r
100 1 _aArmenteros Rius, Enrique
_955978
245 1 3 _aLa reforestación :
_buna misión impostergable /
_cEnrique Armenteros Rius.
260 _aSanto Domingo :
_bAmigo del Hogar,
_c2004.
300 _a45 p. :
_bretrs. ;
_c22 cm.
490 1 _aPROGRESSIO
_v3
710 2 _aFundación para el Mejoramiento Humano ( República Dominicana)
_921776
830 0 _aPROGRESSIO
_n3
_957685
049 _aBNPD
999 _c30705
_d30705